| Поле | Инд. | ПП | Название | Значение |
|---|---|---|---|---|
| Тип записи | a | |||
| Библиографический уровень | b | |||
| 001 | Контрольный номер | RU/IS/BASE/308417136 | ||
| 005 | Дата корректировки | 20200630193259.8 | ||
| 008 | Кодируемые данные | 20091009 | ||
| 040 | b | Код языка каталог. | rus | |
| e | Правила каталог. | PSBO | ||
| 041 | 0_ | a | Код языка текста | rus |
| 084 | a | Индекс другой классификации/Индекс ББК | 65.261(2Рос)-21; 65.261.3(2Рос)-28; 65.261.8(2Рос); 67.402.02(2Рос)г | |
| 100 | 1_ | a | Автор | Демидов М. В. |
| 245 | 10 | a | Заглавие | Внешний государственный финансовый контроль в России: процесс становления и проблемы функционирования |
| 504 | a | Библиография | Подстроч. примеч. и библиогр. | |
| 520 | a | Аннотация | Автор касается проблемы классификации государственного контроля, высказывая и обосновывая свою точку зрения о том, что "основу классификации должен составлять конституционный принцип разделения властей"; делает небольшой исторический обзор существования системы государственного контроля на протяжении XX века и ее законодательной основы. Заключительная часть статьи посвящена проекту Единой концепции государственного финансового контроля, разработка которой была начата в России в 2000 г. | |
| 650 | a | Основная рубрика | государственные финансы | |
| a | Основная рубрика | государственный финансовый контроль | ||
| a | Основная рубрика | право | ||
| a | Основная рубрика | финансовое право | ||
| a | Основная рубрика | финансы | ||
| a | Основная рубрика | экономика | ||
| 653 | a | Ключевые слова | внешний государственный финансовый контроль | |
| a | Ключевые слова | внутренний государственный финансовый контроль | ||
| a | Ключевые слова | государственный контроль | ||
| a | Ключевые слова | органы государственного финансового контроля | ||
| a | Ключевые слова | органы финансового контроля | ||
| a | Ключевые слова | принцип разделения властей | ||
| a | Ключевые слова | Россия | ||
| a | Ключевые слова | финансовый контроль | ||
| 773 | 08 | t | Заглавие источника | Вестник Московского университета. Серия 11, Право |
| d | Дата издания источника | 2009 | ||
| g | Прочая информация | № 1. - С. 44 - 54 | ||
| w | Контрольный № источника | RU/IS/BASE/299591405 | ||
| 901 | t | Тип документа | b |